000 01229nam a2200385 i 4500
001 3026
003 KOSZ 005
005 20221116092816.0
008 970510s1993 pl a |000 0 pol
015 _aPB 1993/7520
020 _a832080910X
040 _aWA N
_cWA N
046 _k1993
080 _a005
080 _a929-052
100 1 _aMartyniak, Zbigniew
_d(1936-2002)
_eAutor
245 1 0 _aPrekursorzy nauki organizacji i zarządzania /
_cZbigniew Martyniak.
250 _aWyd. 2 rozsz.
260 _aWarszawa :
_bPaństwowe Wydawnictwo Ekonomiczne,
_c1993.
300 _a287, [1] s. :
_brys., wykr. ;
_c20 cm.
336 _2rdacontent
_aTekst
_btxt
337 _2rdamedia
_aBez urządzenia pośredniczącego
_bn
338 _2rdacarrier
_aWolumin
_bnc
380 _aKsiążki
388 _a1901-2000
388 _a1945-1989
504 _aBibliogr. s. 282-[288].
650 4 _aOrganizacja
650 4 _aZarządzanie
655 7 _aBiografia
658 _aZarządzanie i marketing
710 2 _aPaństwowe Wydawnictwo Ekonomiczne
_4pbl.
856 4 1 _uhttp://koha.tu.koszalin.pl/cgi-bin/koha/opac-detail.pl?biblionumber=30264
_yKatalog online BPK
942 _2UKD
_cKS
999 _c30264
_d30264